000
00280nam a22001217a 4500
082
_a
894.812
_b
SUD/M
100
_a
SUDHAKARAN, VALLAYANI
245
_a
MALAYALAM GURUNATHAN
260
_a
TRIVANDRUM
_b
PRASANTHI PUBLICATIONS
300
_a
510
520
_a
MALAYALAM BOOK
942
_c
BK
999
_c
4102
_d
4102